=LDR 00000nam 2200000 4500 =001 INLIS000000000810228 =005 20251118093549 =035 ##$$a 0010-1125000082 =245 ##$$a Inilah Faktanya : $b Meluruskan Sejarah Umat Islam Sejak Wafat Nabi Hingga Terbunuhnya al Husain /$c Dr.Usman bin Muhammad al Khamis =300 ##$$a 418 Hlm =260 ##$$a Jakarta : :$b Pustaka Imam Asy-Syafi'i,$c 2019 =082 ##$$a 297.0902 =084 ##$$a 297.0902 KHA i =020 ##$$a 9786029183375